Quick General Knowledge #5 - Statistics

General Stats
  • This quiz has been taken 43 times
  • The average score is 11 of 20
Answer Stats
Hint Answer % Correct
What continent are llamas native to? South America
100%
What animal begins every MGM movie? Lion
86%
What fast food chain was the first to serve breakfast? McDonalds
86%
What country is the beach of normandy in? France
81%
What sense is most closely linked with memory? Smell
73%
What is meant to be the main flavor in traditional tiramisu? Coffee
70%
What was the name of the high school subject taught by Walter White? Chemistry
68%
Which marine animal is known for its unicorn like tusk? Narwhal
68%
What is the common name for a dried plum? Prune
68%
Where is the gravitational pull so strong that even light cannot escape it? Black Hole
57%
What is the name for a group of witches? Coven
57%
What state is Forrest Gump from? Alabama
51%
What is the name of the Canadien dish that combines fries and gravy? Poutine
51%
In what Disney movie would you find the town radiator springs? Cars
49%
What are the chewing teeth called, also known for biting and cutting food? Incisor
49%
What farm animal does not have teeth on its upper jaw? Goat
41%
What part of the body cannot heal itself? Teeth
35%
When skiing, what are the small bumps called that are put in the hill to force tight turns? Mogul
32%
Which part of the brain deals with hearing and language? Temporal
19%
What was the first toy to be advertised on TV? Mr. Potato Head
3%
No matching quizzes found
Score Distribution
Percent of People with Each Score
Percentile by Number Answered
Your Score History
You have not taken this quiz